All Poppy songs as of 2026 - Statistics

General Stats
  • This quiz has been taken 43 times
    9 since last reset
  • The average score is 74 of 119
Answer Stats
Hint Answer % Correct
I Disagree Concrete
100%
I Disagree
100%
Zig
100%
Bleep Bloop
86%
BLOODMONEY
86%
Choke Choke
86%
Don't Go Outside
86%
EAT (NXT Soundtrack) EAT
86%
Flux Flux
86%
Stagger FYB
86%
Poppy.Computer I'm Poppy
86%
negative spaces
86%
nothing
86%
Play Destroy
86%
Say Cheese
86%
Stagger
86%
X
86%
1s + 0s
71%
Am I A Girl?
71%
As Strange as It Seems
71%
Bite Your Teeth
71%
Bruised Sky
71%
Zig Church Outfit
71%
crystallized
71%
Cue
71%
Dark Dark World
71%
Don't Ask
71%
Empty Hands
71%
Fill The Crown
71%
halo
71%
Hard
71%
Negative Spaces have you had enough?
71%
Hysteria
71%
Knockoff
71%
Lessen the Damage
71%
Bubblebath Lowlife
71%
Meat
71%
Motorbike
71%
Never Find My Place
71%
new way out
71%
Nothing I Need
71%
On the Level
71%
Pocket
71%
Prove It
71%
Empty Hands Public Domain
71%
Ribs
71%
Scary Mask
71%
Shapes
71%
Sit / Stay
71%
So Mean
71%
The Attic
71%
the center's falling out
71%
The Holy Mountain
71%
tomorrow
71%
vital
71%
Voicemail
71%
What It Becomes
71%
yesterday
71%
Altar
57%
American Kids
57%
Anything Like Me
57%
Aristocrat
57%
Breeders
57%
Chic Chick
57%
Computer Boy
57%
Eat The Hate
57%
Flicker
57%
Fuzzy
57%
Girls in Bikinis
57%
Guardian
57%
Hard Feelings
57%
Her
57%
I Disagree (more) If It Bleeds
57%
If We're Following The Light
57%
A Very Poppy Christmas I Like Presents
57%
Am I A Girl? In A Minute
57%
Interlude 1
57%
Interlude 2
57%
Interweb
57%
I Won't Be Home For Christmas
57%
Khaos x4
57%
Kiss In The Snow
57%
Let's Make a Video
57%
Linger
57%
Metal
57%
Money
57%
Moshi Moshi
57%
Pop Music
57%
Sick of the Sun
57%
Silver Bells
57%
Software Upgrade
57%
Non-album single releases Spit
57%
The Rapture Ball
57%
The Wait
57%
Time Is Up
57%
All the Things She Said
43%
Bleach Blonde Baby
43%
Blink
43%
Bloom
43%
Dying To Forget
43%
Fashion After All
43%
Fear of Dying
43%
hey there
43%
Immature Couture
43%
My Microphone
43%
the cost of giving up
43%
they're all around us
43%
Time Will Tell
43%
Unravel
43%
Adored
29%
Constantly Nowhere
29%
End of You
29%
Everybody Wants to Be Poppy
29%
Iconic
29%
My Style
29%
push go
29%
surviving on defiance
29%
Taste
14%
Last Christmas
0%
No matching quizzes found
Score Distribution
Percent of People with Each Score
Percentile by Number Answered
Your Score History
You have not taken this quiz since the last reset